Compendio historico de la religion desde la creacion del mundo hasta el estado presente de la Iglesia

Detalles Bibliográficos
Autor principal: Pinton, Joseph
Formato: Libro
Lenguaje:Spanish
Publicado: Madrid 1783
Edición:Decimatercia edicion
Materias:
Colección:Banco de datos
Acervo:Biblioteca de la Congregación del Oratorio de San Felipe Neri de México. Iglesia La Profesa
Descripción Física:2 t. 8°
Tema general:Historia eclesiástica
Notas:Portada tipográfica con viñeta y plecas en grabado xilográfico. Texto a renglón seguido con apostillas marginales y notas a pie de página. Tomo con portada y numeración propias. Año del t. 2 publicado en 1783. Paginación: t. 2 560 p. Encuadernación en piel sobre cartón. Sello en tinta del Oratorio de San Felipe Neri de México. Biblioteca La Profesa, D.F. Daños en la encuadernación
LEADER 01192nam a22001930004500
035 |a 497 
041 0 |a spa 
100 1 |a Pinton, Joseph 
245 1 0 |a Compendio historico de la religion desde la creacion del mundo hasta el estado presente de la Iglesia  |c compuesto por D. Joesf Pinton, graduado en teología, y maestro de los caballeros pages de su Magestad 
250 |a Decimatercia edicion  
260 |a Madrid  |b por D. Joaquin Ibarra, impresor de Cámara de S. M.  |c 1783 
300 |a 2 t.  |c 8° 
500 |a Portada tipográfica con viñeta y plecas en grabado xilográfico. Texto a renglón seguido con apostillas marginales y notas a pie de página. Tomo con portada y numeración propias. Año del t. 2 publicado en 1783. Paginación: t. 2 560 p. Encuadernación en piel sobre cartón. Sello en tinta del Oratorio de San Felipe Neri de México. Biblioteca La Profesa, D.F. Daños en la encuadernación 
504 |a Índice de las personas principales 
650 1 0 |a Historia eclesiástica 
949 |a Iglesia La Profesa, Biblioteca t. 2 (615) 
942 |c PROFESA 
943 |g Biblioteca de la Congregación del Oratorio de San Felipe Neri de México. Iglesia La Profesa 
999 |c 947308  |d 947308